Music Quiz

Random Music or Clickable Quiz

Find the '80s Songs Quiz Stats

 Plays Quiz Updated Dec 16, 2018

Support Sporcle.
Go Orange.
Score 0/30 Timer 04:00
1 Play Today
% Correct
Billie Jean
81.7%
Like a Virgin
81.4%
Girls Just Want to Have Fun
80.8%
Eye of the Tiger
79.1%
Walk Like an Egyptian
79%
Born in the USA
78.5%
Every Breath You Take
78.5%
Livin on a Prayer
78.2%
Jessie's Girl
73.9%
We Are the World
72.7%
Don't Stop Believin'
72.4%
Summer of '69
72.3%
Sweet Child o' Mine
71.1%
Like a Prayer
70.7%
With or Without You
66.6%
% Correct
Love Shack
66.4%
Rock the Casbah
65%
Bette Davis Eyes
64%
Whip It
63.8%
Don't Worry, Be Happy
62.8%
Kokomo
58.4%
Simply Irresistible
58%
Faith
57.8%
Our Lips Are Sealed
57.3%
Back in Black
57.1%
Celebration
49.1%
You Might Think
42.5%
I Love a Rainy Night
36.8%
(Just Like) Starting Over
35.9%
F**k tha Police
33.9%

You're not logged in!

Compare scores with friends on all Sporcle quizzes.
OR
Log In
Forgot?

From the Vault

The Only Letter XI

by Purple_Parrot

Language 90s
Don't let the title fool you, every answer is not the letter X. Or is it?
Remove Ads.
Support Sporcle.
Get the best of Sporcle when you Go Orange. This ad-free experience offers more features, more stats, and more fun while also helping to support Sporcle. Thank you for becoming a member.

Show Comments

Extras

Top Quizzes Today


Score Distribution

Your Account Isn't Verified!

In order to create a playlist on Sporcle, you need to verify the email address you used during registration. Go to your Sporcle Settings to finish the process.

Report this User

Report this user for behavior that violates our Community Guidelines.

Details: